000 00314nam a22001457a 4500
008 210226b ||||| |||| 00| 0 eng d
020 _a9780721673974
041 _aeng
080 _a610.73
082 _a610.73
100 _a1
101 _aINF
245 _aNursing Drug Handbook
_cSaunders
942 _2udc
_cBK
999 _c55275
_d55275